=LDR 00000nam 2200000 4500 =001 INLIS000000000030661 =005 20130612132803 =008 ***********************************ind** =035 ##$$a0010-061300000030661 =041 ##$$a ind =082 ##$$a 2x7.42 =090 ##$$a 2x7.42, Abd s =100 ##$$a Abdullah, M.Yatimin =245 ##$$a Studi Islam Kontenporer, M.Yatimi Abdullah =260 ##$$a 2006 $b Jakarta =300 ##$$a xii, 347 hlm., 23 cm =650 ##$$a Islam - Studi =850 ##$$a NBPNMAT =990 ##$$a 93805/BPAP-NTB/2014